Ảnh hưởng sử dụng phân bón và thuốc bảo vệ thực vật đến quần thể sinh vật trong ruộng lúa tại huyện An Phú, tỉnh An Giang : Luận văn tốt nghiệp Thạc sĩ ngành Sinh thái học
Đề tài khảo sát tập quán sử dụng phân bón và thuốc bảo vệ thực vật của nông dân, so sánh diễn biến dịch hại, thiên địch và một số sinh vật thủy sinh giữa ruộng lúa có sử dụng phân bón, thuốc bảo vệ thực vật với ruộng không sử dụn...
Spremljeno u:
| Glavni autor: | |
|---|---|
| Format: | Knjiga |
| Jezik: | Undetermined |
| Izdano: |
Cần Thơ
Trường Đại học Cần Thơ
2014
|
| Teme: | |
| Oznake: |
Dodaj oznaku
Bez oznaka, Budi prvi tko označuje ovaj zapis!
|
| Thư viện lưu trữ: | Trung tâm Học liệu Trường Đại học Cần Thơ |
|---|
| LEADER | 01305nam a2200217Ia 4500 | ||
|---|---|---|---|
| 001 | CTU_192968 | ||
| 008 | 210402s9999 xx 000 0 und d | ||
| 082 | |a 632.96 | ||
| 082 | |b D304 | ||
| 088 | |a 60420120 | ||
| 100 | |a Trương, Thị Diễm | ||
| 245 | 0 | |a Ảnh hưởng sử dụng phân bón và thuốc bảo vệ thực vật đến quần thể sinh vật trong ruộng lúa tại huyện An Phú, tỉnh An Giang : | |
| 245 | 0 | |b Luận văn tốt nghiệp Thạc sĩ ngành Sinh thái học | |
| 245 | 0 | |c Trương Thị Diễm ; Vũ Anh Pháp (Cán bộ hướng dẫn) | |
| 260 | |a Cần Thơ | ||
| 260 | |b Trường Đại học Cần Thơ | ||
| 260 | |c 2014 | ||
| 520 | |a Đề tài khảo sát tập quán sử dụng phân bón và thuốc bảo vệ thực vật của nông dân, so sánh diễn biến dịch hại, thiên địch và một số sinh vật thủy sinh giữa ruộng lúa có sử dụng phân bón, thuốc bảo vệ thực vật với ruộng không sử dụng phân bón. | ||
| 650 | |a Plant biotechnology,Công nghệ sinh học thực vật | ||
| 910 | |a Hải | ||
| 980 | |a Trung tâm Học liệu Trường Đại học Cần Thơ | ||